Essential oils / (Record no. 12080)
[ view plain ]
| 000 -LEADER | |
|---|---|
| fixed length control field | 00360cam a2200145ua 4500 |
| 041 ## - LANGUAGE CODE | |
| Language code of text/sound track or separate title | eng |
| 082 ## - DEWEY DECIMAL CLASSIFICATION NUMBER | |
| Classification number | 633.85 |
| Item number | ERN/TH |
| 100 ## - MAIN ENTRY--AUTHOR NAME | |
| Personal name | Guenther, Ernest . |
| 245 ## - TITLE STATEMENT | |
| Title | Essential oils / |
| 260 ## - PUBLICATION, DISTRIBUTION, ETC. (IMPRINT) | |
| Place of publication | : |
| Name of publisher | D.Van Nostrand company. inc , |
| Year of publication | 1964. |
| 300 ## - PHYSICAL DESCRIPTION | |
| Number of Pages | 777 ; . |
| 942 ## - ADDED ENTRY ELEMENTS (KOHA) | |
| Koha item type | Books |
| Withdrawn status | Lost status | Damaged status | Home library | Current library | Date acquired | Full call number | Accession Number | Koha item type |
|---|---|---|---|---|---|---|---|---|
| KAUAET | KAUAET | 07/04/2012 | 633.85 | 10606 | Books |
